00971 a2200169 45000010006000000050017000060080041000230030015000640400040000790800043001192450071001622640077002333000019003105050426003291000025007557000021007805775320260407155837.0260407a1974 arg spa dAR-UNSa-BCEJYS aAR-UNSa-BCEJYSbspacAR-UNSa-BCEJYS a658.18xMedidas de ahorro (en general)10aLa naturaleza de la función ahorro en los países en desarrollo 1aMéxico :bCEMLA (Centro de Estudios Monetarios Latinoamericanos)c1974 a160 p.c20 cm. aPrimera parte: hipótesis sobre el comportamiento del ahorro: 1. Conceptos sobre el ahorro y métodos para el cálculo – 2. Hipótesis referentes al ingreso y al ahorro nacionales – 3. Relaciones entre el ahorro y otras variables – Segunda parte: estudios técnicos sobre el comportamiento del ahorro: 1. Comportamiento del ahorro respecto al ingreso – 2. Comportamiento al ahorro respecto a otras variables 1 aMikesell, Raymond F.1 aZinser, James E.